|
|
|
|
| LEADER |
01209nam a2200301 u 4500 |
| 001 |
10026448 |
| 003 |
upatras |
| 005 |
20210117205941.0 |
| 008 |
970625s1971 uk eng |
| 020 |
|
|
|a 0850660483
|
| 040 |
|
|
|a GR-PaULI
|c GR-PaULI
|
| 041 |
0 |
|
|a eng
|
| 082 |
0 |
4 |
|a 530.413
|
| 100 |
1 |
|
|a Cracknell, Arthur P.
|9 128118
|
| 245 |
1 |
0 |
|a The Fermi surfaces of metals
|b a description of the Fermi surfaces of the metallic elements
|c Arthur P. Cracknell
|
| 260 |
|
|
|a London
|b Taylor & Francis
|c 1971
|
| 300 |
|
|
|a 283 p.
|b fig., tab.
|c 25 cm
|
| 490 |
0 |
|
|a Taylor & Francis monographs on physics
|
| 504 |
|
|
|a Includes references and index
|
| 650 |
|
4 |
|a Μέταλλα
|9 2170
|
| 650 |
|
4 |
|a Μέταλλα
|x Ιδιότητες
|9 2169
|
| 650 |
|
4 |
|9 179
|a Φυσική της στερεάς κατάστασης
|
| 760 |
1 |
|
|a Taylor & Francis monographs on physics
|
| 852 |
|
|
|a GR-PaULI
|b ΠΑΤΡΑ
|b ΦΥΣΙΚΟ
|k ΑΕΧ-1
|h 530.413 CRA
|m 00651
|p 025000019005
|t 1
|
| 942 |
|
|
|2 ddc
|c BK15
|
| 952 |
|
|
|0 0
|1 0
|4 0
|6 530_413000000000000_CRA
|7 0
|9 196652
|a PHYS
|b PHYS
|d 2016-04-24
|i 00651
|l 0
|o 530.413 CRA
|p 025000019005
|r 2016-04-24 00:00:00
|t 1
|w 2016-04-24
|y BK15
|
| 998 |
|
|
|c ΔΡΑΚΟΠΟΥΛΟΥ
|d 1999-08
|
| 999 |
|
|
|c 120654
|d 120654
|